[Event "FIN-chT1B 1718"]
[Site "Finland"]
[Date "2017.10.22"]
[Round "4.8"]
[White "Al Hajaj, Amjad"]
[Black "Kinnunen, Seppo"]
[Result "1-0"]
[WhiteElo "1954"]
[BlackElo "1942"]
[PlyCount "69"]
[EventDate "2017.09.16"]
[EventType "team-tourn"]
[EventRounds "7"]
[EventCountry "FIN"]
[SourceTitle "EXT 2020"]
[Source "ChessBase"]
[SourceDate "2019.10.17"]
[SourceVersion "1"]
[SourceVersionDate "2019.10.17"]
[SourceQuality "1"]
[WhiteTeam "Joensuu SK"]
[BlackTeam "Vantaa EtVaS II"]
[WhiteTeamCountry "FIN"]
[BlackTeamCountry "FIN"]

1. d4 Nf6 2. c4 e6 3. Nc3 Bb4 4. Qd3 d5 5. cxd5 Qxd5 6. Bd2 Bxc3 7. bxc3 0-0 8. f3 Qc6 9. e4 a5 10. a4 b6 11. Qb1 Ba6 12. Bb5 Bxb5 13. axb5 Qc4 14. Nh3 Nbd7 15. Ng5 e5 16. Qb2 Ne8 17. f4 Nd6 18. fxe5 Qxb5 19. Qxb5 Nxb5 20. e6 fxe6 21. Nxe6 Rfe8 22. d5 Rac8 23. 0-0 Nd6 24. Rae1 Nc4 25. Be3 Nf8 26. Nxf8 Rxf8 27. Bd4 g6 28. Re2 Rce8 29. e5 Rxf1+ 30. Kxf1 Rd8 31. e6 Nd6 32. Be5 Ne8 33. c4 b5 34. Rf2 bxc4 35. e7 1-0